Animaux par lettre - E - Statistiques

Statistiques générales
  • Ce quiz a été pris 98 fois
  • Le résultat moyen est 9 sur 15
Statistiques - réponses
Question Réponses % Correct
Quel animal lent porte sur son dos sa maisonnette dans une chanson enfantine ? Escargot
100%
Quel pachyderme est le plus gros animal terrestre ? Elephant
97%
Quel animal est représenté sur le logo de la caisse d'Epargne ? Ecureuil
92%
Quel animal est Bob dans un célèbre dessin animé ? Eponge
81%
Quel poisson au "long bec", est le plus rapide dans les mers ? Espadon
74%
De quel animal proviennent les oeufs de caviar ? Esturgeon
73%
Quel petit insecte doit son nom au fait qu'il ne vit que très peu longtemps ? Ephémère
69%
Quel animal est Patrick dans ce même dessin animé ? Etoile de mer
66%
Quel deuxième plus grand oiseau du monde est endémique d'Australie ? Emeu
62%
Dans un célèbre jeu pour enfants, quel oiseau est prêt à nous attraper ? Epervier
57%
On peut le prendre pour aller plus vite, mais sinon c'est l'autre nom de l'orignal ? Elan
53%
Quelle chouette à grosse tête a un disque facial en forme de coeur ? Effraie
43%
Quel animal, plus connu sous le nom d'orque, est à sauver dans un film de 1993 ? Epaulard
29%
Quel oiseau de la famille des sturnidés, vivant principalement en Europe, mangent les fruits des arbres ? Etourneau
22%
Quel animal, également appelé "trogue", remonte dans les rivières en bancs ? Eperlan
13%
Aucun quiz correspondant
Distribution des résultats
% des personnes avec chaque résultat
Percentile par nombre de réponses
Votre historique - résultats
Vous n’avez pas pris ce quiz